Applied regression nnalysis : a research tool

Αποθηκεύτηκε σε:
Λεπτομέρειες βιβλιογραφικής εγγραφής
Κύριος συγγραφέας: Rawlings, John O. 1932-
Άλλοι συγγραφείς: Pantula, Sastry G., Dickey, David A.
Μορφή: Βιβλίο
Γλώσσα:English
Δημοσίευση: New York : Springer, c1998
Σειρά:Springer texts in statistics
Θέματα:
Ετικέτες: Προσθήκη ετικέτας
Δεν υπάρχουν, Καταχωρήστε ετικέτα πρώτοι!

MARC

LEADER 00000nam a2200000 i 4500
001 1/13901
008 001129s1998 eng d
020 |a 038-798-454-2 
035 |l 10064794 
040 |a GR-MY-UA  |b gre  |e aacr 
041 0 |a eng 
082 0 |a 519.536 
100 1 |a Rawlings, John O.  |d 1932- 
245 1 0 |a Applied regression nnalysis :  |b a research tool /  |c John O. Rawlings, Sasty G. Pantula, David A. Dickey 
260 |a New York :   |b Springer,   |c c1998 
300 |a xviii, 657 p.;  |b ill.;  |c 24 cm. 
490 1 |a Springer texts in statistics 
504 |a Includes bibliogarphical references and index 
650 0 0 |a Regression analysis. 
700 0 |a Pantula, Sastry G. 
700 0 |a Dickey, David A. 
830 0 |a Springer texts in statistics 
852 |a INST  |b SAMOS  |e 20001129  |h 519.536 RAW  |p 005300018332  |q 005300018332  |t BK  |y 0 
901 |a BIBL3-2000-3 
909 |a Σ  |b 082352 
922 |a 3ΕΛΗ  |b 200010  |c ΤΣΑΕ/ΚΒ  |d ΜΙΧΑΛΟΠΟΥΛΟΣ 
950 |a 184-2000-09-12 
970 |a ΠΟΥΡΝΑΡΑΣ  |b ΔΗΜΗΤΡΗΣ  |z 2000/12/01